All Teams to Ever Play a FIVB Women's Volleyball World Championship - Statistics

General Stats
  • This quiz has been taken 108 times
  • The average score is 37 of 57
Answer Stats
# Top Finish Team % Correct
16 Winner United States
96%
16 Runner-up Brazil
95%
17 Winner Russia / Soviet Union
95%
14 Winner China
94%
11 Winner Italy
94%
4 6th place Turkey
94%
16 Winner Japan
93%
4 Winner Serbia /Serbia and Montenegro
90%
3 12th place France
88%
15 7th place Germany /West Germany
88%
12 3rd place South Korea
87%
9 11th place Canada
83%
14 4th place Netherlands
83%
10 Runner-up Poland
83%
8 10th place Mexico
82%
6 8th place Argentina
80%
13 Winner Cuba
80%
1 20th place Spain
80%
12 4th place Bulgaria
78%
8 5th place Dominican Republic
77%
5 13th place Thailand
77%
3 11th place Belgium
76%
7 Runner-up Romania
76%
2 12th place Australia
73%
12 Runner-up Peru
73%
11 3rd place Czech Republic / Czechoslovakia
72%
3 6th place Croatia
68%
1 10th place Greece
68%
4 3rd place North Korea
68%
1 9th place Ukraine
68%
1 22rd place Chile
67%
3 16th place Egypt
66%
6 4th place Hungary
66%
6 13th place Kenya
61%
3 21st place Cameroon
60%
1 21st place Finland
59%
1 8th place India
59%
2 14th place Austria
57%
4 15th place Kazakhstan
57%
1 21st place Indonesia
56%
7 4th place East Germany
51%
2 11th place Chinese Taipei
50%
3 16th place Tunisia
50%
1 9th place Uruguay
48%
1 21st place Algeria
46%
4 9th place Azerbaijan
46%
7 10th place Puerto Rico
46%
1 16th place Yugoslavia /FR Yugoslavia
45%
1 23rd place Nigeria
40%
1 18th place Philippines
39%
1 14th place Israel
38%
1 19th place Paraguay
38%
2 17th place Costa Rica
35%
1 16th place Mongolia
30%
1 17th place Luxembourg
23%
1 23rd place Trinidad and Tobago
22%
1 23rd place Bahamas
16%
No matching quizzes found
Score Distribution
Percent of People with Each Score
Percentile by Number Answered
Your Score History
You have not taken this quiz